Top German Goalscorer in Different Football Competitions - Statistics

General Stats
  • This quiz has been taken 75 times
  • The average score is 9 of 20
Answer Stats
Answer % Correct
Miroslav Klose
100%
Dieter Müller
98%
Gerd Müller
98%
Thomas Müller
98%
İlkay Gündoğan
81%
Mario Gómez
70%
Jürgen Klinsmann
66%
Oliver Bierhoff
56%
Bernd Schuster
52%
Birgit Prinz
47%
Hany Mukhtar
28%
Steffen Hofmann
19%
Erwin Albert
17%
Jörg Albertz
17%
Inka Grings
16%
Anja Mittag
9%
Lennart Thy
8%
Nicole Rolser
5%
Oskar Rohr
3%
Pauline Bremer
3%
No matching quizzes found
Score Distribution
Percent of People with Each Score
Percentile by Number Answered
Your Score History
You have not taken this quiz